| LEADER |
01128nam0a2200217 450 |
| 001 |
16868118 |
| 010 |
|
|
|a 2-253-07253-2
|b Poche
|d 6
|
| 100 |
|
|
|a 20030707d2004 u u0frey01 ba
|
| 101 |
1 |
|
|a fre
|c fre
|
| 102 |
|
|
|a FR
|
| 200 |
0 |
|
|a Ligue de tous les mondes (La)
|f Ursula Le Guin
|g trad. de l'anglais (Etats-Unis) Jean Bailhache
|
| 207 |
|
1 |
|a
|
| 210 |
|
|
|a Paris
|b 79 boulevard Saint Germain.
|c LGF
|d 2004
|
| 215 |
|
|
|a 254 p.
|d 18 x 11 cm
|
| 225 |
1 |
|
|a Le Livre de poche
|i Science-fiction
|v 7253
|x 0248-3653
|
| 330 |
|
|
|a Après les années terribles et la disparition de la Ligue de tous les mondes, Werel a réussi à reconstruire un navire interstellaire pour l'envoyer sur Terre. Mais peu après l'atterrissage, Falk, l'astro-navigateur, a perdu la mémoire. Dernier tome de la trilogie où des étrangers rencontrés au hasard du chemin se révèlent différents de ce qu'ils semblent être.
|
| 700 |
|
0 |
|a Le Guin
|b Ursula Kroeber
|4 70
|
| 702 |
|
0 |
|a Bailhache
|b Jean
|4 730
|
| 900 |
|
|
|a Science fiction
|
| 901 |
|
|
|a Adultes
|
| 995 |
|
|
|a Médiathèque
|c Médiathèque
|f 00156004024485
|h 00156004024485
|k SF LEG LIG 3
|o p
|q a
|r az
|e Médiathèque
|